000 00552nam a22002177a 4500
003 BJBSDDR
005 20260316155045.0
007 ta
008 260316s2018 enk||||| |||| 00| 0 eng d
020 _a9781478001669
020 _a 1478001666
040 _bspa
_cBJBSDDR
041 _aeng
050 _bB136 2018
100 1 _aBadiou, Alain,
_d1937-
_95509
245 1 0 _aCan Politics Be Thought? /
_cAlain Badiou
260 _aLondon :
_bDuke University Press,
_c2018
300 _a141 pages ;
_c21 cm
942 _2lcc
_n0
_cBK
946 _icmc
999 _c126598
_d126598